Statystyki dla Kluby Piłkarskie po inicjałach. Polska. #01

Kliknij tutaj aby rozwiązać quiz!

Ogólne statystyki

  • Ten quiz został rozwiązany 1 065 razy
  • Średni wynik to 16 z 30

Statystyki odpowiedzi

PodpowiedźOdpowiedź% Poprawnych
LWLegia Warszawa
96%
ŚWŚląsk Wrocław
88%
CCracovia
78%
LPLech Poznań
76%
WKWisła Kraków
75%
JBJagiellonia Białystok
71%
OOOdra Opole
68%
AGArka Gdynia
66%
ŁŁŁKS Łódź
65%
Widzew Łódź
65%
PSPogoń Szczecin
61%
WPWisła Płock
58%
GZGórnik Zabrze
57%
RCRuch Chorzów
54%
RCRaków Częstochowa
53%
ZLZagłębie Lubin
51%
PBBPodbeskidzie Bielsko-Biała
46%
GKGKS Katowice
45%
KKKorona Kielce
43%
ZSZagłębie Sosnowiec
43%
BBTNBruk-Bet Termalica Nieciecza
42%
PGPiast Gliwice
41%
SNSSandecja Nowy Sącz
37%
WPWarta Poznań
35%
PBPolonia Bytom
33%
OWŚOdra Wodzisław Śląski
30%
ZBZawisza Bydgoszcz
30%
MLMotor Lublin
26%
SSWStal Stalowa Wola
20%
RRROW Rybnik
11%

Rozkład punktacji

Percentyl według liczby udzielonych odpowiedzi

Procent ludzi z każdym wynikiem

Twoja historia wyników

Nie rozwiązałeś tego quizu